00365nas a22001097a 4500008004100000022001400041245003000055260011100085300000900196546001400205650003600219130227t20079999ag ||||| |||| 00| 0 spa d a1669-8762 aHacia la Calidad en Salud aLa Plata:bComisión Interinstitucional para el Desarrollo de la Calidad en la Atención Médica,c2007 av. : aespañol aCALIDAD DE LA ATENCION EN SALUD